| 000 | 00774nam a22002777a 4500 | ||
|---|---|---|---|
| 999 |
_c4850 _d4850 |
||
| 001 | 7381 | ||
| 003 | BD-DhUAP | ||
| 005 | 20201215143935.0 | ||
| 008 | 201122s2003 bg a|||| |||| 00| 0 eng d | ||
| 020 | _a0071389016 | ||
| 020 | _a10439811 | ||
| 020 | _a0071233547 | ||
| 040 |
_aBD-DhUAP _bEng _cBD-DhUAP _dBD-DhUAP |
||
| 082 |
_223 _a572 HAR |
||
| 245 |
_aHarper's illustrated Biochemistry / _cRobert K. Murry ...[et al.]. |
||
| 250 | _a26th ed. | ||
| 260 |
_aNew York : _bMcGraw-Hill, _cc2003. |
||
| 300 |
_ax, 693 pages : _billustrations ; _c23 cm. |
||
| 490 | _aLange medical book. | ||
| 500 | _aIncludes index. | ||
| 650 | _aBiochemistry. | ||
| 650 | _aClinical biochemistry. | ||
| 650 | _aMolecular biology. | ||
| 700 | _aMurry, Robert K. | ||
| 942 |
_2ddc _cBK |
||